30-podlažná výšková betónová budova

Uložené v:
Podrobná bibliografia
Hlavný autor: Kočan, Matúš (Autor)
Ďalší autori: Benko, Vladimír (Vedúci práce)
Médium: Rukopis Kniha
Jazyk:Slovak
Vydavateľské údaje: 2018
Predmet:
On-line prístup:http://is.stuba.sk/zp/portal_zp.pl?podrobnosti=138250
https://opac.crzp.sk/?fn=detailBiblioForm&sid=7748F8ABF7A423EAE675D93BD0B0
Tagy: Pridať tag
Žiadne tagy, Buďte prvý, kto otaguje tento záznam!

MARC

LEADER 00000ntm a22000003a 4500
001 stuzp70630
003 SK-STU
005 20230622142100.8
007 ta
008 150427s2015----xo-----f-mn---000-0-slo-d
040 |a STU  |b slo 
041 0 |a slo 
100 1 |a Kočan, Matúš  |u 010110  |4 aut  |U SvF Stavebná fakulta  |T SvF Katedra betónových konštrukcií a mostov  |X 55227  |U V110  |Y 11  |7 55227 
242 0 1 |a 30-storey high-rise concrete building  |y eng 
245 1 0 |a 30-podlažná výšková betónová budova 
260 |c 2018 
650 4 |a administratívna budova  |2 slo 
650 4 |a výšková budova  |2 slo 
650 4 |a železobetón  |2 slo 
650 4 |a reinforced concrete  |2 eng 
650 4 |a high-rise building  |2 eng 
650 4 |a administrative building  |2 eng 
700 1 |a Benko, Vladimír  |u 010110  |k Z1  |4 ths  |U SvF Stavebná fakulta  |T SvF Katedra betónových konštrukcií a mostov  |X 1016  |U V110  |Y 11  |7 A000001016 
856 4 |u http://is.stuba.sk/zp/portal_zp.pl?podrobnosti=138250 
856 4 |u https://opac.crzp.sk/?fn=detailBiblioForm&sid=7748F8ABF7A423EAE675D93BD0B0